Дело об утверждении проекта нового положения о зубоврачебных школах и передаче этих школ в ведение Министерства народного просве...

Доступно только в Электронных читальных залах Найти на картеНа карте
RUSMARC
00003653nmc2a22002413x 450
0017935aebd-0e11-4b89-a5f2-7996755371e6
00520230901074455.0
100##$a20230113l19111914k l0rusy0189 ca
1010#$arus
102##$aRU
105##$ay###
1222#$ad
2001#$aДело об утверждении проекта нового положения о зубоврачебных школах и передаче этих школ в ведение Министерства народного просвещения
$j9 ноября 1911 г. - 1914 г.
215##$a57 л.
$d36,5х26 см
251##$cДело
300##$aСмотри дело №194960 по описи 195 (1903 год)
371##$aДокумент не является опубликованным и широко распространяемым
461#0$1001a74412a3-3cc5-4d21-8f0a-dfe2fbd9e72d
$12001
$aДепартамент народного просвещения Министерства народного просвещения (1803-1917)
$1251
$cФонд
$1852
$j733
462#0$1001eee5cd01-9790-469a-9945-6bffddbc7761
$12001
$aРазряд общих дел
$1251
$cОпись
$1852
$j228
801#0$aRU
$bРГИА
$c20230113
$gRCR
801#1$aRU
$bГлавНИВЦ
$c20230113
$2rusmarc
801#2$aRU
$bПБ им. Б.Н. Ельцина
$c20230901
$gRCR
$2rusmarc
850##$aРГИА
852##$aРГИА
$eФедеральное казенное учреждение "Российский государственный исторический архив" (РГИА)
$j78
937##$hРГИА
$d12396307
$aASBIBLIO_SCAN
035##$aRusGRCC00059147
856##$uhttp://readingroom.main.prlib.ru/item.aspx?id_node=n187319304&mode=full
Формат отображения